| 000 | 00830cam a2200241 a 4500 | ||
|---|---|---|---|
| 001 | sa 68012765 | ||
| 003 | DLC | ||
| 005 | 20260227112615.0 | ||
| 008 | 691104m19659999bg ab s f000 0 eng | ||
| 010 | _asa 68012765 | ||
| 025 | _aPL480:EP-E-454 | ||
| 040 |
_aDLC _cDLC _dDLC |
||
| 043 | _aa-bg--- | ||
| 050 | 0 | 0 |
_aHN690.6.A85 _bE38 1965 |
| 082 | 0 | 0 | _a309.1/549/2 |
| 110 | 1 |
_aEast Pakistan (Pakistan). _bBureau of Statistics. |
|
| 245 | 1 | 0 | _aMaster survey of agriculture in East Pakistan. |
| 260 |
_aDacca : _bOfficer on Special Duty, Services and General Administration Dept., _c1965- |
||
| 300 |
_av. <1> : _bill., maps. ; _c25 cm. |
||
| 500 | _aCover title. | ||
| 505 | 1 | _a[1] Report on first round : a sample study of the basic characteristics of villages in East Pakistan | |
| 650 | 0 |
_aVillages _zBangladesh _vStatistics. |
|
| 999 |
_c84738 _d84738 |
||